000 00719nam a2200217Ii 4500
003 JO-AjNU
008 230605s9999||||xx |||||||||||||| ||und||
020 _a978-9957-70-533-6
040 _aJO-AjNU
_bara
_erda
_cJO-AjNU
041 _aara
050 1 4 _aBP131.5 2012
100 3 _aالعيساوي، خالد مسعود خليل,
_eauthor
_943341
245 0 0 _aدراسات في اللغة والقراءات
250 _aط1
264 3 1 _aاربد: عالم الكتب الحديث، 2012
300 _a205ص
336 _atext
_btxt
_2rdacontent
337 _aunmediated
_bn
_2rdamedia
338 _avolume
_bnc
_2rdacarrier
650 4 _aقران كريم - قراءات - الايات القرانية
_943342
999 _aA18626
_c22194
_d22194